000
00315nam a22001337a 4500
003
SGT
082
_a
617.643
_b
I19S
100
_a
SINGH, ABHISHEK
245
_a
IMPLANT IN COMPROMISED RIDGES
260
_a
DELHI NCR
_b
SGT UNIVERSITY GURUGRAM
_c
2019
300
_a
1-173
650
_a
ORAL SURGERY
942
_2
ddc
_c
TH
999
_c
18465
_d
18465